General Anthropology Quiz Stats

 Plays Quiz not verified by Sporcle

Challenge
Share
Tweet
Embed
Score 0/27 Timer 15:00
0 Plays Today
Definition Term % Correct
The intersection of archaeological, physical and cultural evidenceexcavation
68.8%
predict data outcome if it is correct.deduction
68.8%
Explanation from observationinduction
62.5%
Change in the order of DNA and chromosomes/ Number of chromosomesMutation
62.5%
'ways of doing'deposits
56.3%
The arrangement of soil and rocksstratigraphy
56.3%
6000 years old, James Usher year of creation 400416th century Christian Model
50%
Fission, gamete samplinggenetic drift
50%
Non-portable elements of a site that reflect human activity.Feature
50%
Earth more than 6000 years old, catastrophismGeorge Cuvier
43.8%
Earths experiences due to slow acting processesGeorge Buffon
43.8%
Natural processes acting over long periods of time, God's self regulating systemJames Hutton
43.8%
Creationist, taxonomyCarolus Linnaeus
43.8%
Tends to decrease variation within a deme, increasing variation between demesFission
43.8%
Definition Term % Correct
Increases variation within a deme, decreases between demesgene flow
43.8%
Precise location on an artifactprovenience
43.8%
Bearing disturbances, more recent layers are superimposed over older ones Law of Superposition
43.8%
ErosionRev. Thomas Burnet
37.5%
Fossils extinct, catastrophic eventsRobert Hooke
37.5%
primitive to advanced, progressive frameworksLouis Henri Morgan
37.5%
Sudden reproductive isolation, results in new species branching off from existing one,punctuated equilibrium
37.5%
Applied Archaeology Stage 1background study
37.5%
Applied Archaeology Stage 2property assessment
37.5%
Applied Archaeology Stage 3site-specific assessment
37.5%
Applied Archaeology Stage 4mitigation of development impact
37.5%
Gov't regulated, historic and environmental preservationcompliance archaeology
37.5%
A sequence of arranged older to younger relationships without assignment of specific datesrelative chronological sequence
37.5%

You're not logged in!

Compare scores with friends on all Sporcle quizzes.
OR
Log In

You Might Also Like...

Show Comments

Extras

Created Oct 19, 2011ReportNominate
Tags:Definition Quiz, term

Top Quizzes Today


Score Distribution

Your Account Isn't Verified!

In order to create a playlist on Sporcle, you need to verify the email address you used during registration. Go to your Sporcle Settings to finish the process.

Report this User

Report this user for behavior that violates our Community Guidelines.

Details: